Ulice Odrzykonia zaczynające się na literę "P" - Statystyki

Ogólne statystyki
  • Ten quiz został rozwiązany 8 razy
  • Średni wynik to 4 z 7
Statystyki odpowiedzi
Ulica % Poprawnych
Polna
86%
Poręba
86%
Piekło
71%
Podlesie
71%
Podzamcze
71%
Prebendarska
29%
Profesora Stanisława Cebuli
29%
Nie znaleziono quizów pasujących do podanych kryteriów
Rozkład punktacji
Procent ludzi z każdym wynikiem
Percentyl według liczby udzielonych odpowiedzi
Twoja historia wyników
Nie rozwiązałeś tego quizu